Understanding and translating Chinese Martial Arts / edited by Jiao Dan [and three others]. (Record no. 20494)

000 -LEADER
fixed length control field 00720nam a22002057a 4500
020 ## - INTERNATIONAL STANDARD BOOK NUMBER
ISBN 9789811984259
082 ## - DEWEY DECIMAL CLASSIFICATION NUMBER
Classification number 796.8150951
Item number Un554 2023
245 ## - TITLE STATEMENT
Title Understanding and translating Chinese Martial Arts / edited by Jiao Dan [and three others].
260 ## - PUBLICATION, DISTRIBUTION, ETC. (IMPRINT)
Place of publication Beach Road, Singapore :
Name of publisher Springer Nature,
Year of publication ©2023.
300 ## - PHYSICAL DESCRIPTION
Number of Pages 1 online resource, xiv, 138 pages :
Other physical details illustrations (some color).
490 ## - SERIES STATEMENT
Series statement New Frontiers in Translation Studies.
500 ## - GENERAL NOTE
General note Includes bibliographical references and index.
650 ## - SUBJECT ADDED ENTRY--TOPICAL TERM
Topical Term Chinese Martial Arts.
650 ## - SUBJECT ADDED ENTRY--TOPICAL TERM
Topical Term Cultural translation.
700 ## - ADDED ENTRY--PERSONAL NAME
Personal name Jiao, Dan.
700 ## - ADDED ENTRY--PERSONAL NAME
Personal name Li, Defeng.
700 ## - ADDED ENTRY--PERSONAL NAME
Personal name Meng, Lingwei.
700 ## - ADDED ENTRY--PERSONAL NAME
Personal name Peng, Yuhong.
942 ## - ADDED ENTRY ELEMENTS (KOHA)
Koha item type Electronic Books
Holdings
Source of acquisition Permanent Location Date acquired Collection code Koha item type Lost status Shelving location Withdrawn status Current Location Full call number
DonationCagayan State University - Carig Library2025-05-21E-BooksElectronic Books E-Resource Section Cagayan State University - Carig Library796.8150951 Un55 2023

Cagayan State University University Library, Carig Campus
Tuguegarao City, Cagayan 3500 | www.csucarig.edu.ph

Powered by Koha